000 00305cam a22001451 4500
003 OSt
008 950203s1966 ii 000 0 malo
041 _amal
100 1 _aKhādar, Yu. Ē.,
_95652
245 1 0 _aAnuyāyi.
260 _c[1966]
300 _a255 p.
500 _aIn Malayalam.
942 _cBK
999 _c17898
_d17898